000
00229nam a22001097a 4500
003
SGT
082
_a
344,BAR
100
_a
BARE,ACT
245
_a
GAS CYLINDERS ACT 2004
260
_a
NEW DELHI
_b
EASTERN BOOK
_c
2015
942
_2
ddc
_c
BK
999
_c
11620
_d
11620